Letters of travel, 1892-1913 (Record no. 6556)

MARC details
000 -CABECERA
campo de control de longitud fija 00619nam a2200229 a 4500
001 - NÚMERO DE CONTROL
campo de control BRCA_6874
005 - FECHA Y HORA DE LA ÚLTIMA TRANSACCIÓN
campo de control 20190320205626.0
008 - DATOS DE LONGITUD FIJA--INFORMACIÓN GENERAL
campo de control de longitud fija 111111s1920----u--#######---#000-0#eng-#
041 ## - CÓDIGO DE LENGUA
Código de lengua del texto/banda sonora o título independiente eng
044 ## - CÓDIGO DEL PAÍS DE LA ENTIDAD EDITORA/PRODUCTORA
Código MARC del país u
050 #4 - SIGNATURA TOPOGRÁFICA DE LA BIBLIOTECA DEL CONGRESO
Número de clasificación G463
Número de documento/Ítem .K56 1920
100 1# - ENTRADA PRINCIPAL--NOMBRE DE PERSONA
Nombre de persona Kipling, Rudyard
9 (RLIN) 17124
245 10 - MENCIÓN DE TÍTULO
Título Letters of travel, 1892-1913
Mención de responsabilidad, etc. by Rudyard Kipling
260 ## - PUBLICACIÓN, DISTRIBUCIÓN, ETC.
Lugar de publicación, distribución, etc. Garden City, Nueva York
Nombre del editor, distribuidor, etc. Doubleday, Page & Co.
Fecha de publicación, distribución, etc. 1920
300 ## - DESCRIPCIÓN FÍSICA
Extensión 302 p.
Dimensiones 21 cm.
500 ## - NOTA GENERAL
Nota general O65
650 14 - PUNTO DE ACCESO ADICIONAL DE MATERIA--TÉRMINO DE MATERIA
Término de materia o nombre geográfico como elemento de entrada Viajes y travesías
9 (RLIN) 4701
650 14 - PUNTO DE ACCESO ADICIONAL DE MATERIA--TÉRMINO DE MATERIA
Término de materia o nombre geográfico como elemento de entrada Literatura inglesa
9 (RLIN) 17125
650 14 - PUNTO DE ACCESO ADICIONAL DE MATERIA--TÉRMINO DE MATERIA
Término de materia o nombre geográfico como elemento de entrada Viajeros ingleses
9 (RLIN) 7018
902 ## - CATALOGADOR
Iniciales GFM
942 ## - ELEMENTOS DE PUNTO DE ACCESO ADICIONAL (KOHA)
Fuente del sistema de clasificación o colocación Library of Congress Classification
Tipo de ítem Koha Libros
Holdings
Estado de retiro Estado de pérdida Estado dañado No para préstamo Localización permanente Ubicación/localización actual Fecha de adquisición Número de inventario Total de préstamos Signatura topográfica completa Código de barras Fecha visto por última vez Precio válido a partir de Tipo de ítem Koha
El ejemplar forma parte de la colección y puede ser consultado según las políticas vigentes.       Biblioteca del Museo Franz Mayer (Rogerio Casas-Alatriste) Biblioteca del Museo Franz Mayer (Rogerio Casas-Alatriste) 11/11/2011 O65   G463 .K56 1920 (O65) 7321 22/03/2019 22/03/2019 Libros